<?xml version="1.0" encoding="UTF-8"?>
<collection xmlns="http://www.loc.gov/MARC21/slim">
 <record>
  <leader>     na                 </leader>
  <controlfield tag="001">INLIS000000000002693</controlfield>
  <controlfield tag="005">20251009103245</controlfield>
  <datafield tag="035" ind1=" " ind2=" ">
   <subfield code="a">0010-1025000041</subfield>
  </datafield>
  <controlfield tag="007">ta</controlfield>
  <controlfield tag="008">251009                b          e ind  </controlfield>
  <datafield tag="020" ind1=" " ind2=" ">
   <subfield code="a">-</subfield>
  </datafield>
  <datafield tag="082" ind1=" " ind2=" ">
   <subfield code="a">15</subfield>
  </datafield>
  <datafield tag="084" ind1=" " ind2=" ">
   <subfield code="a">15 TIM a</subfield>
  </datafield>
  <datafield tag="100" ind1="0" ind2=" ">
   <subfield code="a">Tim Penulis KKG Provinsi Jawa Timur</subfield>
  </datafield>
  <datafield tag="245" ind1="1" ind2=" ">
   <subfield code="a">AL-QUR'AN HADIS :</subfield>
   <subfield code="b">MODUL AJAR MATERI ESENSIAL AL-QUR'AN HADIS /</subfield>
   <subfield code="c">Tim Penulis KKG Provinsi Jawa Timur</subfield>
  </datafield>
  <datafield tag="250" ind1=" " ind2=" ">
   <subfield code="a">-</subfield>
  </datafield>
  <datafield tag="260" ind1=" " ind2=" ">
   <subfield code="a">MIN 9 BLITAR Dsn. Wonorejo Ds. Slemanan Kec. Udanawu Kab. Blitar :</subfield>
   <subfield code="b">MUFID Modul Unggul, Faktual, Iteratif dan Digital,</subfield>
   <subfield code="c">2025</subfield>
  </datafield>
  <datafield tag="300" ind1=" " ind2=" ">
   <subfield code="a">122 :</subfield>
   <subfield code="b">Ilus ;</subfield>
   <subfield code="c">-</subfield>
   <subfield code="e">15</subfield>
  </datafield>
  <datafield tag="700" ind1="0" ind2=" ">
   <subfield code="a">-</subfield>
  </datafield>
  <datafield tag="520" ind1=" " ind2=" ">
   <subfield code="a">-</subfield>
  </datafield>
  <datafield tag="600" ind1=" " ind2="4">
   <subfield code="a">Tim Penulis KKG Provinsi Jawa Timur</subfield>
  </datafield>
  <datafield tag="856" ind1=" " ind2=" ">
   <subfield code="a">-</subfield>
  </datafield>
 </record>
</collection>
